000 00469nam a2200169Ia 4500
008 100917s9999 xx 000 0 und d
082 _b17022
100 _aफाटक गणेश कृष्णशास्त्री
245 _aमोटारशाळा
260 _b---
_c1934
365 _b1
520 _aनाटक
630 _aमोटारशाळा
650 _aनाटक
730 _aमोटारशाळा
942 _cBOOK
999 _c622416
_d622413